|
|
|
|
| LEADER |
01096nam a22002892a 4500 |
| 001 |
000376901 |
| 003 |
CZ BrMZK |
| 005 |
20130521140512.0 |
| 007 |
ta |
| 008 |
980107s1971 xr af f 000 0 cze d |
| 015 |
|
|
|a cnb000432866
|
| 035 |
|
|
|a (OCoLC)42170847
|
| 040 |
|
|
|a BOA001
|b cze
|
| 041 |
1 |
|
|a cze
|h ger
|
| 100 |
1 |
|
|a Lobe, Mira,
|d 1913-1995
|7 ola2006329990
|4 aut
|
| 245 |
1 |
0 |
|a Babička v jabloni /
|c Mira Lobe ; z německého originálu přeložila Anna Siebenscheinová
|
| 250 |
|
|
|a 1. vyd.
|
| 260 |
|
|
|a Praha :
|b Albatros,
|c 1971
|
| 300 |
|
|
|a 79 s., barev. obr. příl.
|
| 490 |
1 |
|
|a Jiskřičky
|
| 765 |
0 |
|
|t Omama im Apfelbaum
|9 Česky
|
| 830 |
|
0 |
|a Jiskřičky (Albatros)
|0 s
|
| 856 |
4 |
1 |
|u http://www.digitalniknihovna.cz/mzk/uuid/uuid:74705110-0cd6-11e4-8e0d-005056827e51
|y Digitalizovaný dokument
|x NDK
|
| 910 |
|
|
|a BOA001
|b PK-0062.997
|b 2-0673.202
|
| 990 |
|
|
|a BK
|
| 996 |
6 |
|
|b 2619538938
|c 2-0673.202
|l Sklad H1
|r Sklad / do 24 hodin
|n 8
|h HS212
|w 000376901
|u 000020
|a 1
|e BOA001
|j MZK50
|s P
|
| 996 |
7 |
|
|b 3119813530
|c PK-0062.997
|l MZK
|r Sklad / do 1 hodiny
|n 20
|w 000376901
|u 000010
|a 1
|e BOA001
|j MZK50
|s A
|